000 01090nmm a2200325 a 4500
001 ocm000701974
003 TR-IsHL
005 20201028124332.0
008 130902s2003 tu eng
007 cr cn
035 _a701974
_b(N$T)
050 0 4 _aHC491
_b.B373 2003
090 0 4 _aHC491
_b.B373 2003
245 1 0 _aOutstanding exporters 2002 =
_bBaşarılı ihracatçılar 2002
_h[electronic resource]
250 _a1. bs.
260 _aİstanbul :
_bİstanbul Ticaret Odası,
_c2003
300 _a128 p.
650 4 _aEkonomi ve Finans
650 4 _aEconomics and Finance
650 0 _aTürkiye
_x Ekonomi politikası
650 0 _aTurkey
_x Economic policy
650 0 _aTürkiye
_x Ekonomik koşullar
650 0 _aTurkey
_x Economic conditions
650 0 _aEkonomi
_x Türkiye
650 0 _aEconomics
_x Turkey
650 0 _aİhracatçılar
_x Türkiye
650 0 _aExporters
_x Turkey
650 7 _aBUSINESS & ECONOMICS / Economic Conditions
_2bisacsh
856 4 0 _uhttp://search.ebscohost.com/login.aspx?direct=true&scope=site&db=e011xww&AN=701974
999 _c2896
_d2896